Jane Austen slot machine Quiz Stats

 Plays Quiz not verified by Sporcle

Challenge
Share
Tweet
Score 0/12 Timer 10:00
0 Plays Today
% Correct
Elizabeth
91.1%
Jane
84.1%
Marianne
65.7%
Harriett
65.5%
Eleanor
62%
Anne
55.5%
Emma
52.4%
Louisa
46.6%
Fanny
45.2%
Lucy
36.8%
Isabella
36.4%
Catherine
31.2%

You're not logged in!

Compare scores with friends on all Sporcle quizzes.
OR
Log In

You Might Also Like...

Show Comments

Extras

Top Quizzes Today


Score Distribution

Your Account Isn't Verified!

In order to create a playlist on Sporcle, you need to verify the email address you used during registration. Go to your Sporcle Settings to finish the process.

Report this User

Report this user for behavior that violates our Community Guidelines.

Details: